Vista normal
Vista MARC
- Ayuda económica española
Entrada Materia
Número de registros utilizados en: 1
001 - NÚMERO DE CONTROL
- campo de control: 330
003 - IDENTIFICADOR DEL NÚMERO DE CONTROL
- campo de control: ES-MaFIAP
005 - FECHA Y HORA DE LA ÚLTIMA TRANSACCIÓN
- campo de control: 20220921121141.0
008 - DATOS DE LONGITUD FIJA
- campo de control de longitud fija: 220921|| aca||aabn | a|a d
040 ## - FUENTE DE LA CATALOGACIÓN
- Centro catalogador/agencia de origen: ES-MaFIAP
- Centro/agencia transcriptor: ES-MaFIAP
150 ## - ENCABEZAMIENTO--TÉRMINO DE MATERIA
- Término de materia o nombre geográfico como elemento de entrada: Ayuda económica española
- Subdivisión geográfica: Países en desarrollo
670 ## - FUENTE DE DATOS ENCONTRADOS
- Cita de la fuente: Work cat.: (ES-MaFIAP)94: Martínez Ríos, Beatriz XX4823208 67, La situación de la discapacidad en la política española de cooperación para el desarrollo [Texto impreso] /, 2012





